| 000 | 00616nam a2200169 i 4500 | ||
|---|---|---|---|
| 001 | 42192 | ||
| 003 | ES-MaACL | ||
| 005 | 20230906160550.0 | ||
| 007 | t| | ||
| 008 | 030312m19661976sp ||||1| cat d | ||
| 245 | 0 | 4 | _aEls castells catalans. |
| 260 |
_aBarcelona : _bRafael Dalmau, _c1966-[1976] |
||
| 300 |
_a6 v. en 69 fasc. : _bil. ; _c35 cm. |
||
| 505 | 8 | _aContiene: V. I: 20 fasc. -- V. II: 8 fasc. -- V. III: fasc. 13-22. -- V. IV: fasc. 1 a 18 y 20-24. -- V. V: fasc. y 23-24. -- V. VI: fasc. 5-6, 8-12, 15 y 17-20, 24, 25 | |
| 650 | 4 |
_aCastillos- _zCataluña. _9168258 |
|
| 852 |
_aES-MaACL _jP-1150 _bR.62430 |
||
| 999 |
_c42192 _d42192 |
||